|
|
|
|
| LEADER |
00000naa2a2200000 4500 |
| 001 |
194769 |
| 005 |
20260126121139.0 |
| 035 |
|
|
|a (RuTPU)RU\TPU\book\212445
|
| 035 |
|
|
|a RU\TPU\book\212433
|
| 090 |
|
|
|a 194769
|
| 100 |
|
|
|a 20110422d2009 k y0rusy50 ca
|
| 101 |
0 |
|
|a rus
|
| 102 |
|
|
|a RU
|
| 135 |
|
|
|a drnn ---uucaa
|
| 181 |
|
0 |
|a i
|
| 182 |
|
0 |
|a b
|
| 200 |
1 |
|
|a Аппроксимация сложных передаточных функций численным методом
|f Нгуен Фу Данг
|
| 203 |
|
|
|a Текст
|c электронный
|
| 215 |
|
|
|a 1 файл (526 Кб)
|
| 300 |
|
|
|a Заглавие с титульного экрана
|
| 337 |
|
|
|a Adobe Reader
|
| 463 |
|
1 |
|0 (RuTPU)RU\TPU\book\211985
|t Средства и системы автоматизации: проблемы и решения
|o материалы десятой научно-практической конференции (19-20 ноября 2009 г.)
|f ЗАО "ЭлиСи"
|d 2009
|
| 610 |
1 |
|
|a электронный ресурс
|
| 610 |
1 |
|
|a труды учёных ТПУ
|
| 610 |
1 |
|
|a сложные передаточные функции
|
| 610 |
1 |
|
|a функции
|
| 610 |
1 |
|
|a системы автоматического управления
|
| 610 |
1 |
|
|a аппроксимация
|
| 610 |
1 |
|
|a вещественный интерполяционный метод
|
| 610 |
1 |
|
|a формулы
|
| 700 |
|
0 |
|a Нгуен Фу Данг
|
| 801 |
|
1 |
|a RU
|b 63413507
|c 20110413
|
| 801 |
|
2 |
|a RU
|b 63413507
|c 20200219
|g RCR
|
| 856 |
4 |
|
|u http://www.lib.tpu.ru/fulltext/v/Conferences/2009/k01/37.pdf
|
| 942 |
|
|
|c CF
|